000 00671nam a22001935i 4500
001 157238
003 ES-MaACL
005 20250603171157.0
008 990715s1864 fr |||| | fre d
040 _aCAM
_bspa
_cCAM
100 1 _aLatour, Antoine de (
_d1808-1881)
_9128733
245 1 0 _aEtudes littéraires sur l'Espagne contemporaine /
_cpar Antoine de Latour.
260 _aParis :
_bMichel Lévy fréres libraires-éditeurs,
_c1864 (
_fImp. Simon Raçon et comp.)
300 _aVIII, 398 p. ;
_c19 cm.
650 4 _914560
_aLiteratura española-
_xHistoria y crítica
852 _aES-MaACL
_jG-7579
_z-- Enc. pasta
942 _2udc
999 _c157238
_d157238